|
|
|
|
| LEADER |
00000nab a2200000 a 4500 |
| 001 |
vtls000703997 |
| 003 |
SK-MaSNL |
| 005 |
20260304133320.0 |
| 008 |
250429c1999 xo 0 slo |
| 015 |
|
|
|a SNBRB1999/10-24211
|
| 035 |
|
|
|a CLN000056164
|
| 035 |
|
|
|a urn:nbn:sk:snk-abj7i
|
| 035 |
|
|
|a (urnnbn)urn:nbn:sk:snk:ar-00412r
|
| 035 |
|
|
|a (uuid)64e0618e-9838-4ab1-b0e6-b83b14655eea
|
| 040 |
|
|
|a SNKBUCL
|b slo
|c SNKBUCL
|e AACR2
|
| 041 |
0 |
|
|a slo
|
| 044 |
|
|
|a xo
|c SK
|
| 080 |
|
|
|a 623.438
|2 1997
|
| 100 |
1 |
|
|a Lazar, Miloš
|4 oth
|9 822260
|
| 245 |
1 |
0 |
|a Dynamický pancier
|c spracovali Miloš Lazar, Peter Očko
|
| 300 |
|
|
|b Obr.
|
| 650 |
0 |
7 |
|a tanky vojenské
|x pancier dynamický
|2 snkbucl
|9 1450210
|
| 655 |
|
7 |
|a články z novín a časopisov
|2 snkbucl
|9 267496
|
| 700 |
1 |
|
|a Očko, Peter
|4 oth
|9 492230
|
| 773 |
0 |
|
|t Apológia
|g Roč. 7, č. 4 (1999), s. 27
|x 1335-0463
|
| 850 |
|
|
|a Slovenská národná knižnica
|
| 852 |
|
|
|a Slovenská národná knižnica
|
| 954 |
|
|
|a odborná, vedecká literatúra pôvodná (slovenská)
|2 lita
|
| 958 |
|
|
|a article2022
|
| 958 |
|
|
|a OND
|
| 958 |
|
|
|a EUIPO
|
| 992 |
|
|
|a RBX
|
| 999 |
|
|
|c 2900935
|d 2902865
|